[Event "GER-ch Youth-B"]
[Site "Willingen"]
[Date "2022.06.09"]
[Round "7"]
[White "Keuper, David"]
[Black "Schotthoefer, Samira"]
[Result "0-1"]
[WhiteElo "1243"]
[BlackElo "1304"]
[PlyCount "64"]
[EventDate "2022.06.04"]
[EventType "swiss"]
[EventRounds "9"]
[EventCountry "GER"]
[SourceTitle "CBM 208 Extra"]
[Source "ChessBase"]
[SourceDate "2022.07.31"]
[SourceVersion "1"]
[SourceVersionDate "2022.07.31"]
[SourceQuality "1"]

1. d4 Nf6 2. Nf3 c5 3. e3 d5 4. b3 cxd4 5. exd4 Bg4 6. Bd3 Nc6 7. Bb2 e6 8. 0-0 Bd6 9. Nbd2 Bf4 10. Be2 Rc8 11. a3 0-0 12. Ne5 Bf5 13. Ndf3 Bxc2 14. Qe1 Bxb3 15. Nxc6 Rxc6 16. Qb4 Rb6 17. Qc3 Ne4 18. Qd3 Bc4 19. Qc2 Bxe2 20. Qxe2 Qd7 21. Bc1 Bd6 22. Be3 Rc6 23. Ne5 Bxe5 24. dxe5 b6 25. a4 Qc7 26. Qb5 Rc8 27. a5 bxa5 28. Rxa5 Qxe5 29. Rxa7 Qb8 30. Rb7 Qd6 31. Rb1 Nc3 32. Bf4 Nxb5 0-1

[Event "GER-ch Youth-B"]
[Site "Willingen"]
[Date "2022.06.06"]
[Round "3"]
[White "Hofmann, Benjamin1"]
[Black "Keuper, David"]
[Result "1-0"]
[WhiteElo "1483"]
[BlackElo "1243"]
[PlyCount "111"]
[EventDate "2022.06.04"]
[EventType "swiss"]
[EventRounds "9"]
[EventCountry "GER"]
[SourceTitle "CBM 208 Extra"]
[Source "ChessBase"]
[SourceDate "2022.07.31"]
[SourceVersion "1"]
[SourceVersionDate "2022.07.31"]
[SourceQuality "1"]

1. e4 c5 2. Nc3 e6 3. f4 Nc6 4. Nf3 Be7 5. Bb5 Qb6 6. d3 d6 7. Be3 Bd7 8. Rb1 Nh6 9. h3 f5 10. b4 Qc7 11. bxc5 dxc5 12. e5 Nf7 13. h4 a6 14. Bc4 b5 15. Bb3 Qb7 16. Ng5 Nxg5 17. hxg5 Nd4 18. Rg1 Bc6 19. Bxd4 cxd4 20. Ne2 Qd7 21. Ng3 Kf7 22. Nxf5 Bb4+ 23. Kf2 Bd5 24. Ng3 Bc5 25. Qe2 Ke7 26. Ne4 Qc6 27. Bxd5 Qxd5 28. a4 b4 29. g3 h6 30. Qh5 hxg5 31. Qxg5+ Kf7 32. Rh1 Be7 33. Qg4 Qa2 34. Qe2 Qxa4 35. Kg2 Rac8 36. Rbc1 Qc6 37. Rhf1 g6 38. Qf2 Qb6 39. Rh1 Kg7 40. Rxh8 Rxh8 41. c4 Bc5 42. Qa2 a5 43. Qa4 Rd8 44. Ra1 b3 45. Rb1 Bb4 46. Rxb3 Kf7 47. Rb1 Ke7 48. Rh1 Bc3 49. Rh7+ Kf8 50. Ng5 Qb2+ 51. Kh3 Qc1 52. Qc6 Qf1+ 53. Kg4 Qe2+ 54. Nf3 Kg8 55. Qc7 Rf8 56. Qg7# 1-0

[Event "GER-ch Youth-B"]
[Site "Willingen"]
[Date "2022.06.05"]
[Round "2"]
[White "Keuper, David"]
[Black "Hoffmann, Alexander4"]
[Result "0-1"]
[WhiteElo "1243"]
[BlackElo "1638"]
[PlyCount "70"]
[EventDate "2022.06.04"]
[EventType "swiss"]
[EventRounds "9"]
[EventCountry "GER"]
[SourceTitle "CBM 208 Extra"]
[Source "ChessBase"]
[SourceDate "2022.07.31"]
[SourceVersion "1"]
[SourceVersionDate "2022.07.31"]
[SourceQuality "1"]

1. d4 Nf6 2. Nf3 e6 3. e3 b6 4. Bd3 Bb7 5. b3 c5 6. Bb2 Nc6 7. a3 d5 8. 0-0 Bd6 9. Ne5 Qc7 10. f4 0-0-0 11. Qe2 Kb8 12. Nc3 Qe7 13. Nb5 Bxe5 14. fxe5 Ne8 15. Bc1 cxd4 16. exd4 a6 17. Nc3 Nxd4 18. Qf2 Nc6 19. Qxb6 Nxe5 20. Bxa6 Qc7 21. Qb4 f6 22. Be3 Nc6 23. Qb5 d4 24. Bxb7 Qxb7 25. Bf2 dxc3 26. Qc4 Nc7 27. Bg3 e5 28. Qxc3 Nd4 29. Rfe1 Nce6 30. Kf1 Rc8 31. Qa5 Nxc2 32. Bxe5+ Nc7 33. Rec1 Nxa1 34. Rc4 Nxb3 35. Qa4 Nd2+ 0-1

[Event "GER-ch U18 sf Berlin Online"]
[Site "Playchess.com INT"]
[Date "2020.05.01"]
[Round "6"]
[White "Keuper, David"]
[Black "Bardorz, Jana"]
[Result "0-1"]
[WhiteElo "1620"]
[BlackElo "1770"]
[PlyCount "50"]
[EventDate "2020.05.01"]
[EventType "swiss (blitz)"]
[EventRounds "13"]
[EventCountry "GER"]
[SourceTitle "CBM 195 Extra"]
[Source "ChessBase"]
[SourceDate "2020.05.31"]
[SourceVersion "1"]
[SourceVersionDate "2020.05.31"]
[SourceQuality "1"]

1. d4 Nf6 2. Nf3 g6 3. e3 Bg7 4. Bd3 0-0 5. Nbd2 d6 6. b3 Re8 7. Bb2 Nbd7 8. c4 e5 9. Ng5 h6 10. Nge4 Nxe4 11. Nxe4 f5 12. Ng3 exd4 13. Kf1 dxe3 14. Bxg7 Kxg7 15. f3 Nc5 16. Bc2 Qf6 17. b4 Nd7 18. Rb1 Ne5 19. f4 Nxc4 20. Bb3 Nd2+ 21. Kg1 Nxb1 22. Qxb1 Be6 23. Bxe6 Rxe6 24. Nf1 e2 25. Ng3 Qd4# 0-1

[Event "GER-ch U18 sf Berlin Online"]
[Site "Playchess.com INT"]
[Date "2020.05.01"]
[Round "11"]
[White "Keuper, David"]
[Black "Meng, Yuxuan"]
[Result "1-0"]
[WhiteElo "1620"]
[BlackElo "1620"]
[PlyCount "42"]
[EventDate "2020.05.01"]
[EventType "swiss (blitz)"]
[EventRounds "13"]
[EventCountry "GER"]
[SourceTitle "CBM 195 Extra"]
[Source "ChessBase"]
[SourceDate "2020.05.31"]
[SourceVersion "1"]
[SourceVersionDate "2020.05.31"]
[SourceQuality "1"]

1. d4 d5 2. Nf3 e6 3. e3 Nf6 4. Bd3 Bd7 5. Nbd2 Bd6 6. b3 c5 7. Bb2 Nc6 8. Ne5 0-0 9. f4 Qe7 10. a3 cxd4 11. exd4 Ne8 12. Ndf3 f6 13. Nxc6 Bxc6 14. f5 e5 15. dxe5 fxe5 16. f6 Nxf6 17. Ng5 e4 18. Be2 h6 19. Nh3 Nd7 20. Bh5 Qf7 21. Bxf7+ Rxf7 1-0